Boundary value problems of mathematical physics (Record no. 2872)

MARC details
000 -LEADER
fixed length control field 00646nam a2200193Ia 4500
003 - CONTROL NUMBER IDENTIFIER
control field IN-BaIIA
008 - FIXED-LENGTH DATA ELEMENTS--GENERAL INFORMATION
fixed length control field 211028s9999 xx 000 0 eng d
040 ## - CATALOGING SOURCE
Transcribing agency IIA Library
080 ## - UNIVERSAL DECIMAL CLASSIFICATION NUMBER
Universal Decimal Classification number 517.927
Item number STA-1
100 ## - MAIN ENTRY--PERSONAL NAME
Personal name Stakgold, Ivar
9 (RLIN) 5130
245 #0 - TITLE STATEMENT
Title Boundary value problems of mathematical physics
Remainder of title vol. I
Statement of responsibility, etc. Ivar Stakgold
260 ## - PUBLICATION, DISTRIBUTION, ETC.
Place of publication, distribution, etc. New York
Name of publisher, distributor, etc. Macmillan
Date of publication, distribution, etc. 1967
300 ## - PHYSICAL DESCRIPTION
Extent viii, 340p.
490 ## - SERIES STATEMENT
Series statement Macmillan series in advanced mathematics and theoretical physics
650 ## - SUBJECT ADDED ENTRY--TOPICAL TERM
Topical term or geographic name entry element Boundary Value Problems
9 (RLIN) 5131
650 ## - SUBJECT ADDED ENTRY--TOPICAL TERM
Topical term or geographic name entry element Mathematical Physics
9 (RLIN) 1525
650 ## - SUBJECT ADDED ENTRY--TOPICAL TERM
Topical term or geographic name entry element NASA Thesaurus
942 ## - ADDED ENTRY ELEMENTS (KOHA)
Koha item type Books
Holdings
Withdrawn status Lost status Damaged status Not for loan Home library Current library Shelving location Date acquired Cost, normal purchase price Total Checkouts Full call number Barcode Date last seen Cost, replacement price Price effective from Koha item type Purchase Price
        IIA Library-Bangalore IIA Library-Bangalore General Stacks 30/03/1967 86.04   517.927/ STA-1 3196 05/11/2021 86.04 30/03/1967 Books Rs. 86.04

Powered by Koha